Quién dijo amor?: poesía
Furkejuvvon:
| Váldodahkki: | |
|---|---|
| Materiálatiipa: | Girji |
| Giella: | espánnjágiella |
| Almmustuhtton: |
Valparaíso
Universitarias
2015
|
| Preanttus: | 1a. ed |
| Fáttát: | |
| Fáddágilkorat: |
Lasit fáddágilkoriid
Eai fáddágilkorat, Lasit vuosttaš fáddágilkora!
|
MARC
| LEADER | 00000cam a2200000 a 4500 | ||
|---|---|---|---|
| 001 | UCE8549 | ||
| 003 | CL-VaPUC | ||
| 008 | 150813e20150000cl |||||||||||||||||spa|d | ||
| 020 | |a 9789561706422 | ||
| 082 | 0 | 4 | |a Ch861 |b ABA |2 21 |
| 100 | |a Abarca Lobos, Claudio |e autor |9 559580 | ||
| 245 | 1 | 0 | |a Quién dijo amor?: poesía |
| 250 | |a 1a. ed | ||
| 300 | |a 79 p | ||
| 942 | |c BK | ||
| 945 | |d 20150813 15:56:00 |a dcastane | ||
| 260 | |a Valparaíso |b Universitarias |c 2015 | ||
| 650 | 0 | |a Poesías chilenas |9 265280 | |
| 650 | 0 | |a Literatura chilena |9 308278 | |
| 583 | |a last modification |c 20150813 15:56:00 |k Rodrigo Vera | ||
| 999 | |c 360375 |d 360373 | ||
| 952 | |0 0 |1 0 |3 erb |4 0 |6 CH_861_000000000000000_ABA_2015 |7 0 |8 A |9 470123 |a BIBEDU |b BIBEDU |c ES_NOD |i 519427K |o Ch861 ABA 2015 |p 519427K |r 2023-08-09 |w 2019-11-23 |y BK |z Catalogado en:20150813 |k LIT | ||
| 952 | |0 0 |1 0 |3 erb |4 0 |6 CH_861_000000000000000_ABA_2015 |7 0 |8 A |9 470124 |a BIBEDU |b BIBEDU |c ES_NOD |i 5261783 |o Ch861 ABA 2015 |p 5261783 |r 2023-08-09 |w 2019-11-23 |y BK |z Catalogado en:20160114 |k LIT | ||
| 952 | |0 0 |1 0 |3 erb |4 0 |6 CH_861_000000000000000_ABA_2015 |7 0 |8 A |9 470125 |a BIBEDU |b BIBEDU |c ES_NOD |i 5261775 |o Ch861 ABA 2015 |p 5261775 |r 2023-08-09 |w 2019-11-23 |y BK |z Catalogado en:20160114 |k LIT | ||
| 952 | |0 0 |1 0 |3 erb |4 0 |6 CH_861_000000000000000_ABA_2015 |7 0 |8 X |9 470126 |a FDOBUD |b FDOBUD |i 5302692 |o Ch861 ABA 2015 |p 5302692 |r 2019-11-23 |w 2019-11-23 |y BK_X |z Catalogado en:20160428 |k FHP | ||